La época del absolutismo / (Record no. 11972)

MARC details
000 -LEADER
campo de control de longitud fija 00887nam a2200277 i 4500
001 - NÚMERO DE CONTROL
campo de control 11972
003 - IDENTIFICADOR DE NÚMERO DE CONTROL
campo de control ES-MaACL
005 - FECHA Y HORA DE LA ÚLTIMA TRANSACCIÓN
campo de control 20230906150219.0
008 - DATOS DE LONGITUD FIJA--INFORMACIÓN GENERAL
campo de control de longitud fija 921215s1992 sp |||| | spa j
020 ## - NÚMERO INTERNACIONAL ESTÁNDAR DEL LIBRO
Número Internacional Estándar del Libro 84-206-2727-5
080 ## - NÚMERO DE LA CLASIFICACIÓN DECIMAL UNIVERSAL
Número de la Clasificación Decimal Universal 321.61(4)"16/17"
080 ## - NÚMERO DE LA CLASIFICACIÓN DECIMAL UNIVERSAL
Número de la Clasificación Decimal Universal 940.25
100 1# - ENTRADA PRINCIPAL--NOMBRE DE PERSONA
Nombre de persona Duchhardt, Heinz.
9 (RLIN) 45833
245 13 - MENCIÓN DEL TÍTULO
Título La época del absolutismo /
Mención de responsabilidad, etc. Heinz Duchhardt ; versión española de José Luis Gil Aristu.
260 ## - PUBLICACIÓN, DISTRIBUCIÓN, ETC.
Lugar de publicación, distribución, etc. Madrid :
Nombre del editor, distribuidor, etc. Alianza Editorial,
Fecha de publicación, distribución, etc. D.L. 1992.
300 ## - DESCRIPCIÓN FÍSICA
Extensión 395 p. ;
Dimensiones 20 cm.
490 1# - MENCIÓN DE SERIE
Mención de serie Alianza universidad ;
Designación de volumen o secuencia 727
500 ## - NOTA GENERAL
Nota general Índices.
504 ## - NOTA DE BIBLIOGRAFÍA, ETC.
Nota de bibliografía, etc. Bibliografía: p. 321-373.
650 14 - PUNTO DE ACCESO ADICIONAL DE MATERIA--TÉRMINO DE MATERIA
Término de materia o nombre geográfico como elemento de entrada Absolutismo-
Subdivisión geográfica Europa-
Subdivisión de forma Historia.
9 (RLIN) 169339
651 #4 - PUNTO DE ACCESO ADICIONAL DE MATERIA--NOMBRE GEOGRÁFICO
Nombre geográfico Europa-
Subdivisión general Historia-
Subdivisión cronológica 1648-1789.
9 (RLIN) 8602
700 1# - ENTRADA AGREGADA--NOMBRE PERSONAL
Nombre de persona Gil Aristu, José Luis.
9 (RLIN) 56766
830 0# - PUNTO DE ACCESO ADICIONAL DE SERIE-TÍTULO UNIFORME
Título uniforme Alianza universidad ;
Designación de volumen o secuencia 727
9 (RLIN) 177276
852 ## - LOCALIZACIÓN
Ubicación ES-MaACL
Número de control de estantería L-19240
Holdings
Estatus retirado Estado de pérdida Estado de daño No para préstamo Biblioteca de origen Biblioteca actual Ubicación en estantería Fecha de adquisición Fuente de adquisición Total de préstamos Signatura topográfica completa Código de barras Visto por última vez Precio de reemplazo Tipo de ítem Koha
        Biblioteca del Ateneo de Madrid Biblioteca del Ateneo de Madrid Depósito 2 17/01/2008     L-19240 1012199 23/02/2023 23/02/2023 Libro impreso